000 00699nam a2200289Ia 4500
005 20260324112035.0
008 008 260324s9999 xx 000 0 eng d
020 _a9781032643885
037 _aEBOOK
040 _aCRL
040 _beng
040 _cCRL
041 _2eng
041 _aeng
084 _qCRL
100 _aKevin Hinders; Benjamin Bross
_91141056
245 4 _aThe University of Illinois Memorial Stadium
245 4 _bThe First 100 Years
260 _bTaylor and Francis
260 _c2024
365 _a
365 _b80.99
856 _uhttp://www.taylorfrancis.com/books/9781032643885
942 _cEBOOK
999 _c1730095
_d1730095